000 00435nam a2200169Ia 4500
003 GCL
008 140319s9999 xx 000 0 eng d
040 _aGCL /
_cGCL
082 0 4 _a005.74
_bT P
100 1 _aTAYLOR, STEPHEN
245 1 0 _aPARALLEL LOGIC PROGRMMING TECHNIQUES /
_cTAYLOR, STEPHEN
260 _a[S.N] :
_bPRENTICE HALL ،
_c1989
300 _a204 P
650 0 4 _aPROGRAMMING
650 0 4 _aTECHNIQUE
942 _2ddc
_cBK
999 _c23649
_d23649